1405 1058 1506 1855 1894 1028 1053 1347 1191 1616 1895 1152 1107 1424 1857 1592 1992 1100 1271 1464 1948 1910 1894 1712 1227 1385 1221 1833 1352 1443 1534 1471 1685 1023 1526 1120 1980 1476 1287 1959 1515 1636 1882 1065 1725 1443 1543 1785 1485 1183 1296 1486 1333 1149 1149 1134 1452 1401 1238 1568 1976 1221 1926 1745 1815 1423 1231 1387 1870 1185 1644 1683 1090 1429 1551 1291 1009 1043 1518 1345 1717 1444 1677 1513 1367 1566 1018 1106 1333 1437 1534 1410 1240 1477 1242 1091 1591 1907 1366 BCNSPRNW ULIB Ver.6.0+V

เปลี่ยนเป็นภาษาไทย

Change to English
 แสดงรายละเอียดบรรณานุกรม
  กลับหน้าหลัก

Brief Record : Get Marc (ISO 2709) : E-mail record : QR code < ปิดหน้าต่าง
LEADER : 00000nam 2200000uu 4500
001    13399111423
003     ULIB
008    110624s||||||||th 000 0 tha d
020    9747232693
050  4 BQ4230^bท335ค 2543
100 1  สมเด็จพระเท็นซิน กยัตโส,^cทะไลลามะองค์ที่ 14, ^dค.ศ. 1935
245 10 ความจริงสี่ประการ :^bคำสอนพื้นฐานในพุทธศาสนา /^cทะไลลามะองค์ที่ 14 ประทานธรรมบรรยาย ; แปลเป็นภาษาอังกฤษโดย เกเช ทุปเท็น จินปา ; แปลเป็นภาษาไทยโดย ฉัตรสุมาลย์ กบิลสิงห์ ษัฏเสน
246 30 Four noble truths
260    กรุงเทพฯ :^bมูลนิธิโกมลคีมทอง,^c2543
300    141 หน้า :^c19 ซม.
650  7 อริยสัจ 4
650  7 พุทธศาสนา^xคำสั่งสอน
650  7 การดำเนินชีวิต
700 1  จินปา, เกเช ทุปเท็น,^eผู้แปล
700 0  ฉัตรสุมาลย์ กบิลสิงห์,^eผู้แปล
945    ^p135^l0^i026692
995    ทศพร
999 ^a ใช้งานได้ทุกระบบ
รายการนี้ยังไม่มีแท็ก
คุณยังไม่ได้ล็อกอิน คุณสามารถมีกิจกรรมร่วมกับเว็บไซต์ได้ แต่ต้องล็อกอินก่อน ::
  ล็อกอิน

รายการสื่อสารสนเทศ

ลำดับที่ ประเภท เลขเรียก/บาร์โค้ด สถานที่ สถานะ
- ไม่พบข้อมูล -

รายการใกล้เคียง
    หัวเรื่อง [การดำเนินชีวิต]

BibComment


ยังไม่เคยถูกคอมเมนท์

คอมเมนท์ทรัพยากรรายการนี้
  คอมเมนท์: ความจริงสี่ประการ..


 Copyright 2026. Bcnsprnw @Library